| 000 | 02374nam a22003017a 4500 | ||
|---|---|---|---|
| 999 |
_c60316 _d60316 |
||
| 003 | Ge_BSU | ||
| 005 | 20230628152308.0 | ||
| 008 | 230628s2014 ge ||||| |||| 00| 0 geo d | ||
| 020 | _a9789941133800 | ||
| 041 | _ageo | ||
| 080 | _a016:7.072 დ-88 | ||
| 100 |
_aდუდუჩავა, ია _eშემდგენელი _919034 |
||
| 245 |
_aშალვა ამირანაშვილი (1899-1975) : _bბიობიბლიოგრაფია / _cივანე ჯავახიშვილის სახ. თსუ-ს ეროვნ. სამეცნიერო ბიბ-კა ; შემდგ.: ია დუდუჩავა, ციური კვაჭაძე ; რედ.: მამუკა ბერძენიშვილი, ირაკლი ღარიბაშვილი ; ბიბლ. რედ. ნანა ბაღათურია. |
||
| 264 |
_aთბილისი : _bთბილ. უნ-ტის გამ-ბა და სტ., _c2014. |
||
| 300 |
_a94 გვ. ; _b20 სმ. |
||
| 490 | _aბიობიბლიოგრაფიული სერია "ქართველი მეცნიერები" | ||
| 500 | _aპარალელური თავფურცელი ინგლისურ ენაზე. | ||
| 653 | _aამირანაშვილი, შალვა, 1889-1975. | ||
| 653 | _aხელოვნებათმცოდნეობა -- ბიბლიოგრაფია. | ||
| 653 | _aქართველი ხელოვნებათმცოდნეები -- ბიობიბლიოგრაფია. | ||
| 700 |
_aდუდუჩავა, ია _eშემდგენელი _919034 |
||
| 700 |
_aკვაჭაძე, ციური _eრედაქტორი _919036 |
||
| 700 |
_aბერძენიშვილი, მამუკა _eრედაქტორი _919038 |
||
| 700 |
_aღარიბაშვილი, ირაკლი _eრედაქტორი _918116 |
||
| 700 |
_aბაღათურია, ნანა _eბიბლიოგრაფიული რედაქტორი _919040 |
||
| 710 |
_aივანე ჯავახიშვილის სახ. თსუ-ს ეროვნ. სამეცნიერო ბიბ-კა _919042 |
||
| 942 |
_2udc _cBK |
||